Statistics for FIFA world cup losing finalists

Click here to take the quiz!

General Stats

  • This quiz has been taken 37 times
  • The average score is 15 of 20

Answer Stats

Winner, Year and ScoreLosing Side% Correct
Brazil 2002 (2-0)Germany
88%
Germany 2014 (1-0 aet)Argentina
85%
Italy 2006 (1-1 pens)France
85%
France 1998 (3-0)Brazil
82%
Brazil 1994 (0-0 pens)Italy
82%
Spain 2010 (1-0 aet)Netherlands
82%
West Germany 1990 (1-0)Argentina
79%
Uruguay 1930 (4-2)Argentina
79%
Uruguay 1950 (2-1)Brazil
79%
West Germany 1954 (3-2)Hungary
76%
West Germany 1974 (2-1)Netherlands
76%
England 1966 (4-2 aet)West Germany
76%
Brazil 1970 (4-1)Italy
74%
Argentina 1978 (3-1aet)Netherlands
74%
Italy 1982 (3-1)West Germany
71%
Brazil 1958 (5-2)Sweden
68%
Argentina 1986 (3-2)West Germany
68%
Brazil 1962 (3-1)Czechoslovakia
53%
Italy 1934 (2-1 aet)Czechoslovakia
50%
Italy 1938 (4-2)Hungary
50%

Score Distribution

Percentile by Number Answered

Percent of People with Each Score

Your Score History

You have not taken this quiz